000 00387cam a22001217a 4500
008 180718b1978 xxu||||| |||| 00| 0 eng d
082 _aA81x54 In2/71/21/Pt 6 A
100 _aCensus of India 1971
245 _aUttar Pradesh: town directory
260 _aDelhi
_bThe Controller of Publications
_c1978
300 _av.p.
440 _aCensus of India 1971. Series-21, Uttar Pradesh. Part VI-A
999 _c485690
_d485690